The British journal of nutrition.

Bibliographic Details
Corporate Author: Nutrition Society (Great Britain)
Format: Journal
Language:English
Published: Cambridge [England] : Chicago, Ill. : Cambridge University Press ; Agent for U.S.A., The University of Chicago Press, [1947]-
Subjects:
Online Availability: Check for online availability

MARC

Tag First Indicator Second Indicator Subfields
LEADER 00000cas a2200000 a 4500
001 in00000047494
005 20151007073345.0
008 750812c19479999enkmrzp 0 a0eng d
010 |a  53017329  
012 |a 3  |b 3  |e n  |i 8902  |m 1 
016 7 |a 0372547  |2 DNLM 
016 7 |a B35020000  |2 DNLM 
022 0 |a 0007-1145  |9 1475-2662 
030 |a BJNUAV 
032 |a 551360  |b USPS 
035 |a (OCoLC)ocm01537294 
035 |a (OCoLC)01537294 
035 |9 AAE9578AM 
040 |a MUL  |c MUL  |d UCU  |d NSD  |d OCL  |d COO  |d NSD  |d IUL  |d DLC  |d SER  |d RCS  |d AIP  |d NYG  |d DLC  |d HUL  |d AGL  |d NSD  |d NLM  |d GUA  |d OCLCQ  |d DLC  |d UtOrBLW 
042 |a nsdp  |a lc 
049 |a TXAM 
050 0 0 |a TX501  |b .B75 
060 0 0 |a W1  |b BR584 
070 0 |a 389.8  |b B773 
072 0 |a T000 
082 0 0 |a 641.06242 
210 0 |a Br. j. nutr. 
222 0 |a British journal of nutrition 
245 0 4 |a The British journal of nutrition. 
264 1 |a Cambridge [England] :  |b Cambridge University Press ;  |a Chicago, Ill. :  |b Agent for U.S.A., The University of Chicago Press,  |c [1947]- 
300 |a volumes :  |b illustrations ;  |c 26 cm. 
310 |a Monthly,  |b 1994- 
321 |a Quarterly,  |b Sept. 1947-1970 
321 |a Bimonthly,  |b 1971-1993 
336 |a text  |b txt  |2 rdacontent 
337 |a unmediated  |b n  |2 rdamedia 
338 |a volume  |b nc  |2 rdacarrier 
362 0 |a Vol. 1, no. 1 (Sept. 1947)- 
500 |a Title from cover. 
500 |a Latest issue consulted: Volume 87, number 3 (Mar. 2002). 
510 2 |a Chemical abstracts  |x 0009-2258 
530 |a Also available in electronic format. 
550 |a Published for the Nutrition Society. 
580 |a Vols. for 1947-1952 contain Proceedings of the Nutrition Society, published separately 1944-1947; 1953- 
650 0 |a Nutrition  |v Periodicals. 
650 2 |a Nutritional Physiological Phenomena  |v Periodicals. 
710 2 |a Nutrition Society (Great Britain) 
730 0 |a Proceedings of the Nutrition Society. 
770 0 |t Nutrition research reviews  |x 0954-4224  |w (DLC) 90656508  |w (OCoLC)18998070 
787 1 |t Proceedings of the Nutrition Society  |x 0029-6651  |w (DLC) 48034956  |w (OCoLC)1760948 
850 |a DLC  |a DNAL  |a MBCo  |a N 
891 2 0 |9 853  |8 1  |a v.  |b no.  |u 6  |v r  |i (year)  |j (month)  |w m  |x 01,07 
891 4 1 |9 863  |8 1.1  |a <87>  |b <6>  |i <2002>  |j <06> 
949 |a AM_DB_MFHD URL added  |b h  |c 2003/10/23  |d c  |e rstovall5  |f 1:54:04 pm 
994 |a E0  |b TXA 
999 |a MARS 
999 f f |s 1df9922c-52c5-3625-8c9f-77cc4036bd76  |i d01e02ae-d5ae-3700-8fd5-146630f1635b  |t 0 
952 f f |p serial  |a Texas A&M University  |b College Station  |c Sterling C. Evans Library  |d Evans: Library Stacks  |t 0  |e TX501 .B75  |h Library of Congress classification  |i unmediated -- volume  |k v.60  |l 1988  |m A14811822797 
952 f f |p serial  |a Texas A&M University  |b College Station  |c Sterling C. Evans Library  |d Evans: Library Stacks  |t 0  |e TX501 .B75  |h Library of Congress classification  |i unmediated -- volume  |k v.98:no.5-6  |l 2007:Nov.-Dec.  |m A14837117615 
952 f f |p serial  |a Texas A&M University  |b College Station  |c Sterling C. Evans Library  |d Evans: Library Stacks  |t 0  |e TX501 .B75  |h Library of Congress classification  |i unmediated -- volume  |k v.91:no.1-2  |l 2004:Jan.-Feb.  |m A14831472229 
952 f f |p serial  |a Texas A&M University  |b College Station  |c Sterling C. Evans Library  |d Evans: Library Stacks  |t 0  |e TX501 .B75  |h Library of Congress classification  |i unmediated -- volume  |k v.87:no.5-6  |l 2002:May-June  |m A14829633403 
952 f f |p serial  |a Texas A&M University  |b College Station  |c Sterling C. Evans Library  |d Evans: Library Stacks  |t 0  |e TX501 .B75  |h Library of Congress classification  |i unmediated -- volume  |k v.93:no.3-4  |l 2005:Mar.-Apr.  |m A14832856701 
952 f f |p serial  |a Texas A&M University  |b College Station  |c Sterling C. Evans Library  |d Evans: Library Stacks  |t 0  |e TX501 .B75  |h Library of Congress classification  |i unmediated -- volume  |k v.26  |l 1971  |m A14817692899 
952 f f |p serial  |a Texas A&M University  |b College Station  |c Sterling C. Evans Library  |d Evans: Library Stacks  |t 0  |e TX501 .B75  |h Library of Congress classification  |i unmediated -- volume  |k v.56  |l 1986  |m A14812210121 
952 f f |p serial  |a Texas A&M University  |b College Station  |c Sterling C. Evans Library  |d Evans: Library Stacks  |t 0  |e TX501 .B75  |h Library of Congress classification  |i unmediated -- volume  |k v.58  |l 1987  |m A14811396275 
952 f f |p serial  |a Texas A&M University  |b College Station  |c Sterling C. Evans Library  |d Evans: Library Stacks  |t 0  |e TX501 .B75  |h Library of Congress classification  |i unmediated -- volume  |k v.59  |l 1988  |m A14811644393 
952 f f |p serial  |a Texas A&M University  |b College Station  |c Sterling C. Evans Library  |d Evans: Library Stacks  |t 0  |e TX501 .B75  |h Library of Congress classification  |i unmediated -- volume  |k v.90:no.2  |l 2003:Aug.  |m A14830963413 
952 f f |p serial  |a Texas A&M University  |b College Station  |c Sterling C. Evans Library  |d Evans: Library Stacks  |t 0  |e TX501 .B75  |h Library of Congress classification  |i unmediated -- volume  |k v.7  |l 1953  |m A14838649275 
952 f f |p serial  |a Texas A&M University  |b College Station  |c Sterling C. Evans Library  |d Evans: Library Stacks  |t 0  |e TX501 .B75  |h Library of Congress classification  |i unmediated -- volume  |k v.88:no.1-2  |l 2002:July-Aug.  |m A14829633364 
952 f f |p serial  |a Texas A&M University  |b College Station  |c Sterling C. Evans Library  |d Evans: Library Stacks  |t 0  |e TX501 .B75  |h Library of Congress classification  |i unmediated -- volume  |k v.78:no.4-6  |l 1997  |m A14823636788 
952 f f |p serial  |a Texas A&M University  |b College Station  |c Sterling C. Evans Library  |d Evans: Library Stacks  |t 0  |e TX501 .B75  |h Library of Congress classification  |i unmediated -- volume  |k v.62:no.1-2  |l 1989  |m A14812048168 
952 f f |p serial  |a Texas A&M University  |b College Station  |c Sterling C. Evans Library  |d Evans: Library Stacks  |t 0  |e TX501 .B75  |h Library of Congress classification  |i unmediated -- volume  |k v.76:no.4-6  |l 1996  |m A14821431043 
952 f f |p serial  |a Texas A&M University  |b College Station  |c Sterling C. Evans Library  |d Evans: Library Stacks  |t 0  |e TX501 .B75  |h Library of Congress classification  |i unmediated -- volume  |k v.74:no.1-3  |l 1995  |m A14819749430 
952 f f |p serial  |a Texas A&M University  |b College Station  |c Sterling C. Evans Library  |d Evans: Library Stacks  |t 0  |e TX501 .B75  |h Library of Congress classification  |i unmediated -- volume  |k v.89: Supplement 1  |l 2003:June  |m A14831802490 
952 f f |p serial  |a Texas A&M University  |b College Station  |c Sterling C. Evans Library  |d Evans: Library Stacks  |t 0  |e TX501 .B75  |h Library of Congress classification  |i unmediated -- volume  |k v.75:no.4-6  |l 1996  |m A14820279383 
952 f f |p serial  |a Texas A&M University  |b College Station  |c Sterling C. Evans Library  |d Evans: Library Stacks  |t 0  |e TX501 .B75  |h Library of Congress classification  |i unmediated -- volume  |k v.99:no.5-6  |l 2008:May-June  |m A14837293827 
952 f f |p serial  |a Texas A&M University  |b College Station  |c Sterling C. Evans Library  |d Evans: Library Stacks  |t 0  |e TX501 .B75  |h Library of Congress classification  |i unmediated -- volume  |k v.95:no.6  |l 2006:June  |m A14834647417 
952 f f |p serial  |a Texas A&M University  |b College Station  |c Sterling C. Evans Library  |d Evans: Library Stacks  |t 0  |e TX501 .B75  |h Library of Congress classification  |i unmediated -- volume  |k v.30  |l 1973  |m A14838649429 
952 f f |p serial  |a Texas A&M University  |b College Station  |c Sterling C. Evans Library  |d Evans: Library Stacks  |t 0  |e TX501 .B75  |h Library of Congress classification  |i unmediated -- volume  |k v.57  |l 1987  |m A14809063175 
952 f f |p serial  |a Texas A&M University  |b College Station  |c Sterling C. Evans Library  |d Evans: Library Stacks  |t 0  |e TX501 .B75  |h Library of Congress classification  |i unmediated -- volume  |k v.87:Suppl.2  |l 2002:May  |m A14829633283 
952 f f |p serial  |a Texas A&M University  |b College Station  |c Sterling C. Evans Library  |d Evans: Library Stacks  |t 0  |e TX501 .B75  |h Library of Congress classification  |i unmediated -- volume  |k v.74:no.4-6  |l 1995  |m A14819749448 
952 f f |p serial  |a Texas A&M University  |b College Station  |c Sterling C. Evans Library  |d Evans: Library Stacks  |t 0  |e TX501 .B75  |h Library of Congress classification  |i unmediated -- volume  |k v.6  |l 1952  |m A14838651612 
952 f f |p serial  |a Texas A&M University  |b College Station  |c Sterling C. Evans Library  |d Evans: Library Stacks  |t 0  |e TX501 .B75  |h Library of Congress classification  |i unmediated -- volume  |k v.52  |l 1984  |m A14812210024 
952 f f |p serial  |a Texas A&M University  |b College Station  |c Sterling C. Evans Library  |d Evans: Library Stacks  |t 0  |e TX501 .B75  |h Library of Congress classification  |i unmediated -- volume  |k v.92:no.3-4  |l 2004:Sept.-Oct.  |m A14831508787 
952 f f |p serial  |a Texas A&M University  |b College Station  |c Sterling C. Evans Library  |d Evans: Library Stacks  |t 0  |e TX501 .B75  |h Library of Congress classification  |i unmediated -- volume  |k v.18  |l 1964  |m A14813910871 
952 f f |p serial  |a Texas A&M University  |b College Station  |c Sterling C. Evans Library  |d Evans: Library Stacks  |t 0  |e TX501 .B75  |h Library of Congress classification  |i unmediated -- volume  |k v.94:no.1-2  |l 2005:July-Aug.  |m A14833441729 
952 f f |p serial  |a Texas A&M University  |b College Station  |c Sterling C. Evans Library  |d Evans: Library Stacks  |t 0  |e TX501 .B75  |h Library of Congress classification  |i unmediated -- volume  |k v.96:no.3-4  |l 2006:Sept.-Oct.  |m A14834661990 
952 f f |p serial  |a Texas A&M University  |b College Station  |c Sterling C. Evans Library  |d Evans: Library Stacks  |t 0  |e TX501 .B75  |h Library of Congress classification  |i unmediated -- volume  |k Supplement:v.84:no.1-2  |l 2000  |m A14827903153 
952 f f |p serial  |a Texas A&M University  |b College Station  |c Sterling C. Evans Library  |d Evans: Library Stacks  |t 0  |e TX501 .B75  |h Library of Congress classification  |i unmediated -- volume  |k v.89:no.1-2  |l 2003:Jan.-Feb.  |m A14830357874 
952 f f |p serial  |a Texas A&M University  |b College Station  |c Sterling C. Evans Library  |d Evans: Library Stacks  |t 0  |e TX501 .B75  |h Library of Congress classification  |i unmediated -- volume  |k v.1-2  |l 1947-1949  |m A14810128271 
952 f f |p serial  |a Texas A&M University  |b College Station  |c Sterling C. Evans Library  |d Evans: Library Stacks  |t 0  |e TX501 .B75  |h Library of Congress classification  |i unmediated -- volume  |k v.45  |l 1981  |m A14821476849 
952 f f |p serial  |a Texas A&M University  |b College Station  |c Sterling C. Evans Library  |d Evans: Library Stacks  |t 0  |e TX501 .B75  |h Library of Congress classification  |i unmediated -- volume  |k v.99:no.4  |l 2008:April  |m A14837293788 
952 f f |p serial  |a Texas A&M University  |b College Station  |c Sterling C. Evans Library  |d Evans: Library Stacks  |t 0  |e TX501 .B75  |h Library of Congress classification  |i unmediated -- volume  |k v.99:no.1-2  |l 2008:Jan.-Feb.  |m A14837117576 
952 f f |p serial  |a Texas A&M University  |b College Station  |c Sterling C. Evans Library  |d Evans: Library Stacks  |t 0  |e TX501 .B75  |h Library of Congress classification  |i unmediated -- volume  |k v.100:no.3  |l 2008:Sept.  |m A14834739549 
952 f f |p serial  |a Texas A&M University  |b College Station  |c Sterling C. Evans Library  |d Evans: Library Stacks  |t 0  |e TX501 .B75  |h Library of Congress classification  |i unmediated -- volume  |k v.49  |l 1983  |m A14812222974 
952 f f |p serial  |a Texas A&M University  |b College Station  |c Sterling C. Evans Library  |d Evans: Library Stacks  |t 0  |e TX501 .B75  |h Library of Congress classification  |i unmediated -- volume  |k v.73:no.1-3  |l 1995  |m A14819749414 
952 f f |p serial  |a Texas A&M University  |b College Station  |c Sterling C. Evans Library  |d Evans: Library Stacks  |t 0  |e TX501 .B75  |h Library of Congress classification  |i unmediated -- volume  |k v.46  |l 1981  |m A14816896686 
952 f f |p serial  |a Texas A&M University  |b College Station  |c Sterling C. Evans Library  |d Evans: Library Stacks  |t 0  |e TX501 .B75  |h Library of Congress classification  |i unmediated -- volume  |k v.75:no.1-3  |l 1996  |m A14820279391 
952 f f |p serial  |a Texas A&M University  |b College Station  |c Sterling C. Evans Library  |d Evans: Library Stacks  |t 0  |e TX501 .B75  |h Library of Congress classification  |i unmediated -- volume  |k v.68:no.2-3  |l 1992  |m A14817002638 
952 f f |p serial  |a Texas A&M University  |b College Station  |c Sterling C. Evans Library  |d Evans: Library Stacks  |t 0  |e TX501 .B75  |h Library of Congress classification  |i unmediated -- volume  |k v.92:Suppl.1-2  |l 2004:Aug.-Oct.  |m A14832208827 
952 f f |p serial  |a Texas A&M University  |b College Station  |c Sterling C. Evans Library  |d Evans: Library Stacks  |t 0  |e TX501 .B75  |h Library of Congress classification  |i unmediated -- volume  |k v.89:no.5-6  |l 2003:May-June  |m A14830628869 
952 f f |p serial  |a Texas A&M University  |b College Station  |c Sterling C. Evans Library  |d Evans: Library Stacks  |t 0  |e TX501 .B75  |h Library of Congress classification  |i unmediated -- volume  |k v.77:no.4-6  |l 1997  |m A14821431069 
952 f f |p serial  |a Texas A&M University  |b College Station  |c Sterling C. Evans Library  |d Evans: Library Stacks  |t 0  |e TX501 .B75  |h Library of Congress classification  |i unmediated -- volume  |k v.97:no.3-4  |l 2007:Mar.-Apr.  |m A14836130220 
952 f f |p serial  |a Texas A&M University  |b College Station  |c Sterling C. Evans Library  |d Evans: Library Stacks  |t 0  |e TX501 .B75  |h Library of Congress classification  |i unmediated -- volume  |k v.93:no.5  |l 2005:May  |m A14832891557 
952 f f |p serial  |a Texas A&M University  |b College Station  |c Sterling C. Evans Library  |d Evans: Library Stacks  |t 0  |e TX501 .B75  |h Library of Congress classification  |i unmediated -- volume  |k v.85:no.4-5  |l 2001:April-May  |m A14827903234 
952 f f |p serial  |a Texas A&M University  |b College Station  |c Sterling C. Evans Library  |d Evans: Library Stacks  |t 0  |e TX501 .B75  |h Library of Congress classification  |i unmediated -- volume  |k v.14  |l 1960  |m A14838649348 
952 f f |p serial  |a Texas A&M University  |b College Station  |c Sterling C. Evans Library  |d Evans: Library Stacks  |t 0  |e TX501 .B75  |h Library of Congress classification  |i unmediated -- volume  |k v.90:no.1  |l 2003:July  |m A14830963138 
952 f f |p serial  |a Texas A&M University  |b College Station  |c Sterling C. Evans Library  |d Evans: Library Stacks  |t 0  |e TX501 .B75  |h Library of Congress classification  |i unmediated -- volume  |k v.66  |l 1991  |m A14815327341 
952 f f |p serial  |a Texas A&M University  |b College Station  |c Sterling C. Evans Library  |d Evans: Library Stacks  |t 0  |e TX501 .B75  |h Library of Congress classification  |i unmediated -- volume  |k v.87:no.3-4  |l 2002:Mar.-Apr.  |m A14829633487 
952 f f |p serial  |a Texas A&M University  |b College Station  |c Sterling C. Evans Library  |d Evans: Library Stacks  |t 0  |e TX501 .B75  |h Library of Congress classification  |i unmediated -- volume  |k v.99:no.3  |l 2008:Mar.  |m A14837288709 
952 f f |p serial  |a Texas A&M University  |b College Station  |c Sterling C. Evans Library  |d Evans: Library Stacks  |t 0  |e TX501 .B75  |h Library of Congress classification  |i unmediated -- volume  |k v.84:no.3-4  |l 2000:Sept.-Oct.  |m A14827275047 
952 f f |p serial  |a Texas A&M University  |b College Station  |c Sterling C. Evans Library  |d Evans: Library Stacks  |t 0  |e TX501 .B75  |h Library of Congress classification  |i unmediated -- volume  |k v.32  |l 1974  |m A14812209926 
952 f f |p serial  |a Texas A&M University  |b College Station  |c Sterling C. Evans Library  |d Evans: Library Stacks  |t 0  |e TX501 .B75  |h Library of Congress classification  |i unmediated -- volume  |k v.87:Suppl.1  |l 2002:Jan.  |m A14829633322 
952 f f |p serial  |a Texas A&M University  |b College Station  |c Sterling C. Evans Library  |d Evans: Library Stacks  |t 0  |e TX501 .B75  |h Library of Congress classification  |i unmediated -- volume  |k v.41  |l 1979  |m A14812209879 
952 f f |p serial  |a Texas A&M University  |b College Station  |c Sterling C. Evans Library  |d Evans: Library Stacks  |t 0  |e TX501 .B75  |h Library of Congress classification  |i unmediated -- volume  |k v.89:no.3-4  |l 2003:Mar.-Apr.  |m A14830357743 
952 f f |p serial  |a Texas A&M University  |b College Station  |c Sterling C. Evans Library  |d Evans: Library Stacks  |t 0  |e TX501 .B75  |h Library of Congress classification  |i unmediated -- volume  |k v.93:no.1-2  |l 2005:Jan.-Feb.  |m A14832856620 
952 f f |p serial  |a Texas A&M University  |b College Station  |c Sterling C. Evans Library  |d Evans: Library Stacks  |t 0  |e TX501 .B75  |h Library of Congress classification  |i unmediated -- volume  |k v.77:no.1-3  |l 1997  |m A14821431077 
952 f f |p serial  |a Texas A&M University  |b College Station  |c Sterling C. Evans Library  |d Evans: Library Stacks  |t 0  |e TX501 .B75  |h Library of Congress classification  |i unmediated -- volume  |k v.100:no.2  |l 2008:Aug.  |m A14834739581 
952 f f |p serial  |a Texas A&M University  |b College Station  |c Sterling C. Evans Library  |d Evans: Library Stacks  |t 0  |e TX501 .B75  |h Library of Congress classification  |i unmediated -- volume  |k v.55  |l 1986  |m A14813019659 
952 f f |p serial  |a Texas A&M University  |b College Station  |c Sterling C. Evans Library  |d Evans: Library Stacks  |t 0  |e TX501 .B75  |h Library of Congress classification  |i unmediated -- volume  |k v.79:no.1-3  |l 1998  |m A14823636827 
952 f f |p serial  |a Texas A&M University  |b College Station  |c Sterling C. Evans Library  |d Evans: Library Stacks  |t 0  |e TX501 .B75  |h Library of Congress classification  |i unmediated -- volume  |k v.70:no.1-2  |l 1993  |m A14817875544 
952 f f |p serial  |a Texas A&M University  |b College Station  |c Sterling C. Evans Library  |d Evans: Library Stacks  |t 0  |e TX501 .B75  |h Library of Congress classification  |i unmediated -- volume  |k v.3  |l 1949  |m A14838651581 
952 f f |p serial  |a Texas A&M University  |b College Station  |c Sterling C. Evans Library  |d Evans: Library Stacks  |t 0  |e TX501 .B75  |h Library of Congress classification  |i unmediated -- volume  |k v.88:no.4  |l 2002:Oct.  |m A14830357638 
952 f f |p serial  |a Texas A&M University  |b College Station  |c Sterling C. Evans Library  |d Evans: Library Stacks  |t 0  |e TX501 .B75  |h Library of Congress classification  |i unmediated -- volume  |k v.38  |l 1977  |m A14811121785 
952 f f |p serial  |a Texas A&M University  |b College Station  |c Sterling C. Evans Library  |d Evans: Library Stacks  |t 0  |e TX501 .B75  |h Library of Congress classification  |i unmediated -- volume  |k v.71:no.4-6  |l 1994  |m A14819497813 
952 f f |p serial  |a Texas A&M University  |b College Station  |c Sterling C. Evans Library  |d Evans: Library Stacks  |t 0  |e TX501 .B75  |h Library of Congress classification  |i unmediated -- volume  |k v.35  |l 1976  |m A14817694095 
952 f f |p serial  |a Texas A&M University  |b College Station  |c Sterling C. Evans Library  |d Evans: Library Stacks  |t 0  |e TX501 .B75  |h Library of Congress classification  |i unmediated -- volume  |k v.97:no.5-6  |l 2007:May-June  |m A14836130173 
952 f f |p serial  |a Texas A&M University  |b College Station  |c Sterling C. Evans Library  |d Evans: Library Stacks  |t 0  |e TX501 .B75  |h Library of Congress classification  |i unmediated -- volume  |k v.95:no.4  |l 2006:Apr.  |m A14834647491 
952 f f |p serial  |a Texas A&M University  |b College Station  |c Sterling C. Evans Library  |d Evans: Library Stacks  |t 0  |e TX501 .B75  |h Library of Congress classification  |i unmediated -- volume  |k v.42  |l 1979  |m A14812210074 
952 f f |p serial  |a Texas A&M University  |b College Station  |c Sterling C. Evans Library  |d Evans: Library Stacks  |t 0  |e TX501 .B75  |h Library of Congress classification  |i unmediated -- volume  |k v.91:no.3-4  |l 2004:Mar.-Apr.  |m A14831472261 
952 f f |p serial  |a Texas A&M University  |b College Station  |c Sterling C. Evans Library  |d Evans: Library Stacks  |t 0  |e TX501 .B75  |h Library of Congress classification  |i unmediated -- volume  |k v.40  |l 1978  |m A14812209976 
952 f f |p serial  |a Texas A&M University  |b College Station  |c Sterling C. Evans Library  |d Evans: Library Stacks  |t 0  |e TX501 .B75  |h Library of Congress classification  |i unmediated -- volume  |k v.5  |l 1951  |m A14838651604 
952 f f |p serial  |a Texas A&M University  |b College Station  |c Sterling C. Evans Library  |d Evans: Library Stacks  |t 0  |e TX501 .B75  |h Library of Congress classification  |i unmediated -- volume  |k v.64:no.3  |l 1990:November  |m A14815307943 
952 f f |p serial  |a Texas A&M University  |b College Station  |c Sterling C. Evans Library  |d Evans: Library Stacks  |t 0  |e TX501 .B75  |h Library of Congress classification  |i unmediated -- volume  |k v.95:no.1-2  |l 2006:Jan.-Feb.  |m A14833472461 
952 f f |p serial  |a Texas A&M University  |b College Station  |c Sterling C. Evans Library  |d Evans: Library Stacks  |t 0  |e TX501 .B75  |h Library of Congress classification  |i unmediated -- volume  |k v.80:no.4-6  |l 1998  |m A14824027623 
952 f f |p serial  |a Texas A&M University  |b College Station  |c Sterling C. Evans Library  |d Evans: Library Stacks  |t 0  |e TX501 .B75  |h Library of Congress classification  |i unmediated -- volume  |k v.83:no.3-4  |l 2000:Mar.-Apr.  |m A14827274910 
952 f f |p serial  |a Texas A&M University  |b College Station  |c Sterling C. Evans Library  |d Evans: Library Stacks  |t 0  |e TX501 .B75  |h Library of Congress classification  |i unmediated -- volume  |k v.22  |l 1968  |m A14838649372 
952 f f |p serial  |a Texas A&M University  |b College Station  |c Sterling C. Evans Library  |d Evans: Library Stacks  |t 0  |e TX501 .B75  |h Library of Congress classification  |i unmediated -- volume  |k v.47  |l 1982  |m A14816896694 
952 f f |p serial  |a Texas A&M University  |b College Station  |c Sterling C. Evans Library  |d Evans: Library Stacks  |t 0  |e TX501 .B75  |h Library of Congress classification  |i unmediated -- volume  |k v.68:no.1  |l 1992  |m A14817210192 
952 f f |p serial  |a Texas A&M University  |b College Station  |c Sterling C. Evans Library  |d Evans: Library Stacks  |t 0  |e TX501 .B75  |h Library of Congress classification  |i unmediated -- volume  |k Supplement:v.88:no.2-3  |l 2002:Nov.-Dec.  |m A14829908971 
952 f f |p serial  |a Texas A&M University  |b College Station  |c Sterling C. Evans Library  |d Evans: Library Stacks  |t 0  |e TX501 .B75  |h Library of Congress classification  |i unmediated -- volume  |k v.36:no.1-3  |l 1976  |m A14820760342 
952 f f |p serial  |a Texas A&M University  |b College Station  |c Sterling C. Evans Library  |d Evans: Library Stacks  |t 0  |e TX501 .B75  |h Library of Congress classification  |i unmediated -- volume  |k v.25:no.1-3  |l 1971:Jan.-May  |m A14838649398 
952 f f |p serial  |a Texas A&M University  |b College Station  |c Sterling C. Evans Library  |d Evans: Library Stacks  |t 0  |e TX501 .B75  |h Library of Congress classification  |i unmediated -- volume  |k v.65  |l 1991  |m A14815307951 
952 f f |p serial  |a Texas A&M University  |b College Station  |c Sterling C. Evans Library  |d Evans: Library Stacks  |t 0  |e TX501 .B75  |h Library of Congress classification  |i unmediated -- volume  |k v.96:no.1-2  |l 2006:July-Aug.  |m A14834662077 
952 f f |p serial  |a Texas A&M University  |b College Station  |c Sterling C. Evans Library  |d Evans: Library Stacks  |t 0  |e TX501 .B75  |h Library of Congress classification  |i unmediated -- volume  |k v.82:no.5-6  |l 1999:Nov.-Dec.  |m A14826005554 
952 f f |p serial  |a Texas A&M University  |b College Station  |c Sterling C. Evans Library  |d Evans: Library Stacks  |t 0  |e TX501 .B75  |h Library of Congress classification  |i unmediated -- volume  |k v.92:no.1-2  |l 2004:July-Aug.  |m A14831472342 
952 f f |p serial  |a Texas A&M University  |b College Station  |c Sterling C. Evans Library  |d Evans: Library Stacks  |t 0  |e TX501 .B75  |h Library of Congress classification  |i unmediated -- volume  |k v.4  |l 1950  |m A14838651599 
952 f f |p serial  |a Texas A&M University  |b College Station  |c Sterling C. Evans Library  |d Evans: Library Stacks  |t 0  |e TX501 .B75  |h Library of Congress classification  |i unmediated -- volume  |k v.8  |l 1954  |m A14838649283 
952 f f |p serial  |a Texas A&M University  |b College Station  |c Sterling C. Evans Library  |d Evans: Library Stacks  |t 0  |e TX501 .B75  |h Library of Congress classification  |i unmediated -- volume  |k v.67  |l 1992  |m A14816051668 
952 f f |p serial  |a Texas A&M University  |b College Station  |c Sterling C. Evans Library  |d Evans: Library Stacks  |t 0  |e TX501 .B75  |h Library of Congress classification  |i unmediated -- volume  |k v.88:no.3  |l 2002:Sept.  |m A14829910423 
952 f f |p serial  |a Texas A&M University  |b College Station  |c Sterling C. Evans Library  |d Evans: Library Stacks  |t 0  |e TX501 .B75  |h Library of Congress classification  |i unmediated -- volume  |k v.61  |l 1989  |m A14812015301 
952 f f |p serial  |a Texas A&M University  |b College Station  |c Sterling C. Evans Library  |d Evans: Library Stacks  |t 0  |e TX501 .B75  |h Library of Congress classification  |i unmediated -- volume  |k v.31  |l 1974  |m A14838649437 
952 f f |p serial  |a Texas A&M University  |b College Station  |c Sterling C. Evans Library  |d Evans: Library Stacks  |t 0  |e TX501 .B75  |h Library of Congress classification  |i unmediated -- volume  |k v.53  |l 1985  |m A14813073271 
952 f f |p serial  |a Texas A&M University  |b College Station  |c Sterling C. Evans Library  |d Evans: Library Stacks  |t 0  |e TX501 .B75  |h Library of Congress classification  |i unmediated -- volume  |k v.98:no.3-4  |l 2007:Sept.-Oct.  |m A14836422180 
952 f f |p serial  |a Texas A&M University  |b College Station  |c Sterling C. Evans Library  |d Evans: Library Stacks  |t 0  |e TX501 .B75  |h Library of Congress classification  |i unmediated -- volume  |k v.10  |l 1956  |m A14838649306 
952 f f |p serial  |a Texas A&M University  |b College Station  |c Sterling C. Evans Library  |d Evans: Library Stacks  |t 0  |e TX501 .B75  |h Library of Congress classification  |i unmediated -- volume  |k v.29  |l 1973  |m A14838649411 
952 f f |p serial  |a Texas A&M University  |b College Station  |c Sterling C. Evans Library  |d Evans: Library Stacks  |t 0  |e TX501 .B75  |h Library of Congress classification  |i unmediated -- volume  |k v.82:no.1-2  |l 1999:July-Aug.  |m A14826005481 
952 f f |p serial  |a Texas A&M University  |b College Station  |c Sterling C. Evans Library  |d Evans: Library Stacks  |t 0  |e TX501 .B75  |h Library of Congress classification  |i unmediated -- volume  |k v.85:no.3  |l 2001:Mar.  |m A14827902830 
952 f f |p serial  |a Texas A&M University  |b College Station  |c Sterling C. Evans Library  |d Evans: Library Stacks  |t 0  |e TX501 .B75  |h Library of Congress classification  |i unmediated -- volume  |k v.100:no.1  |l 2008:July  |m A14834739620 
952 f f |p serial  |a Texas A&M University  |b College Station  |c Sterling C. Evans Library  |d Evans: Library Stacks  |t 0  |e TX501 .B75  |h Library of Congress classification  |i unmediated -- volume  |k v.100:no.6  |l 2008:Dec.  |m A14838470197 
952 f f |p serial  |a Texas A&M University  |b College Station  |c Sterling C. Evans Library  |d Evans: Library Stacks  |t 0  |e TX501 .B75  |h Library of Congress classification  |i unmediated -- volume  |k v.70:no.3  |l 1993:Nov.  |m A14817869682 
952 f f |p serial  |a Texas A&M University  |b College Station  |c Sterling C. Evans Library  |d Evans: Library Stacks  |t 0  |e TX501 .B75  |h Library of Congress classification  |i unmediated -- volume  |k v.34  |l 1975  |m A14816210262 
952 f f |p serial  |a Texas A&M University  |b College Station  |c Sterling C. Evans Library  |d Evans: Library Stacks  |t 0  |e TX501 .B75  |h Library of Congress classification  |i unmediated -- volume  |k v.92:no.5-6  |l 2004:Nov.-Dec.  |m A14833682202 
952 f f |p serial  |a Texas A&M University  |b College Station  |c Sterling C. Evans Library  |d Evans: Library Stacks  |t 0  |e TX501 .B75  |h Library of Congress classification  |i unmediated -- volume  |k v.9  |l 1955  |m A14838649291 
952 f f |p serial  |a Texas A&M University  |b College Station  |c Sterling C. Evans Library  |d Evans: Library Stacks  |t 0  |e TX501 .B75  |h Library of Congress classification  |i unmediated -- volume  |k v.97:no.2  |l 2007:Feb.  |m A14836130238 
952 f f |p serial  |a Texas A&M University  |b College Station  |c Sterling C. Evans Library  |d Evans: Library Stacks  |t 0  |e TX501 .B75  |h Library of Congress classification  |i unmediated -- volume  |k v.48  |l 1982  |m A14816896709 
952 f f |p serial  |a Texas A&M University  |b College Station  |c Sterling C. Evans Library  |d Evans: Library Stacks  |t 0  |e TX501 .B75  |h Library of Congress classification  |i unmediated -- volume  |k v.90:no.5-6  |l 2003:Nov.-Dec.  |m A14831799320 
952 f f |p serial  |a Texas A&M University  |b College Station  |c Sterling C. Evans Library  |d Evans: Library Stacks  |t 0  |e TX501 .B75  |h Library of Congress classification  |i unmediated -- volume  |k v.72:no.4-6  |l 1994  |m A14819497910 
952 f f |p serial  |a Texas A&M University  |b College Station  |c Sterling C. Evans Library  |d Evans: Library Stacks  |t 0  |e TX501 .B75  |h Library of Congress classification  |i unmediated -- volume  |k v.96:no.5  |l 2006:Nov.  |m A14835857104 
952 f f |p serial  |a Texas A&M University  |b College Station  |c Sterling C. Evans Library  |d Evans: Library Stacks  |t 0  |e TX501 .B75  |h Library of Congress classification  |i unmediated -- volume  |k v.82:no.3-4  |l 1999:Sept.-Oct.  |m A14826005520 
952 f f |p serial  |a Texas A&M University  |b College Station  |c Sterling C. Evans Library  |d Evans: Library Stacks  |t 0  |e TX501 .B75  |h Library of Congress classification  |i unmediated -- volume  |k v.69:no.1-2  |l 1993  |m A14817875497 
952 f f |p serial  |a Texas A&M University  |b College Station  |c Sterling C. Evans Library  |d Evans: Library Stacks  |t 0  |e TX501 .B75  |h Library of Congress classification  |i unmediated -- volume  |k v.80:no.1-3  |l 1998  |m A14824027576 
952 f f |p serial  |a Texas A&M University  |b College Station  |c Sterling C. Evans Library  |d Evans: Library Stacks  |t 0  |e TX501 .B75  |h Library of Congress classification  |i unmediated -- volume  |k v.78:no.1-3  |l 1997  |m A14823636770 
952 f f |p serial  |a Texas A&M University  |b College Station  |c Sterling C. Evans Library  |d Evans: Library Stacks  |t 0  |e TX501 .B75  |h Library of Congress classification  |i unmediated -- volume  |k v.84:no.1-2  |l 2000:July-Aug.  |m A14827274994 
952 f f |p serial  |a Texas A&M University  |b College Station  |c Sterling C. Evans Library  |d Evans: Library Stacks  |t 0  |e TX501 .B75  |h Library of Congress classification  |i unmediated -- volume  |k v.44  |l 1980  |m A14820311559 
952 f f |p serial  |a Texas A&M University  |b College Station  |c Sterling C. Evans Library  |d Evans: Library Stacks  |t 0  |e TX501 .B75  |h Library of Congress classification  |i unmediated -- volume  |k v.79:no.4-6  |l 1998  |m A14823636835 
952 f f |p serial  |a Texas A&M University  |b College Station  |c Sterling C. Evans Library  |d Evans: Library Stacks  |t 0  |e TX501 .B75  |h Library of Congress classification  |i unmediated -- volume  |k v.24:no.3-4  |l 1970  |m A14811216360 
952 f f |p serial  |a Texas A&M University  |b College Station  |c Sterling C. Evans Library  |d Evans: Library Stacks  |t 0  |e TX501 .B75  |h Library of Congress classification  |i unmediated -- volume  |k v.28  |l 1972  |m A14817692271 
952 f f |p serial  |a Texas A&M University  |b College Station  |c Sterling C. Evans Library  |d Evans: Library Stacks  |t 0  |e TX501 .B75  |h Library of Congress classification  |i unmediated -- volume  |k v.19  |l 1965  |m A14811216310 
952 f f |p serial  |a Texas A&M University  |b College Station  |c Sterling C. Evans Library  |d Evans: Library Stacks  |t 0  |e TX501 .B75  |h Library of Congress classification  |i unmediated -- volume  |k v.100:no.4  |l 2008:Oct.  |m A14834766774 
952 f f |p serial  |a Texas A&M University  |b College Station  |c Sterling C. Evans Library  |d Evans: Library Stacks  |t 0  |e TX501 .B75  |h Library of Congress classification  |i unmediated -- volume  |k v.90:no.3  |l 2003:Sept.  |m A14830961924 
952 f f |p serial  |a Texas A&M University  |b College Station  |c Sterling C. Evans Library  |d Evans: Library Stacks  |t 0  |e TX501 .B75  |h Library of Congress classification  |i unmediated -- volume  |k v.83:no.1-2  |l 2000:Jan.-Feb.  |m A14826005562 
952 f f |p serial  |a Texas A&M University  |b College Station  |c Sterling C. Evans Library  |d Evans: Library Stacks  |t 0  |e TX501 .B75  |h Library of Congress classification  |i unmediated -- volume  |k v.81:no.5-6  |l 1999  |m A14824956254 
952 f f |p serial  |a Texas A&M University  |b College Station  |c Sterling C. Evans Library  |d Evans: Library Stacks  |t 0  |e TX501 .B75  |h Library of Congress classification  |i unmediated -- volume  |k v.17  |l 1963  |m A14838649356 
952 f f |p serial  |a Texas A&M University  |b College Station  |c Sterling C. Evans Library  |d Evans: Library Stacks  |t 0  |e TX501 .B75  |h Library of Congress classification  |i unmediated -- volume  |k v.62:no.3  |l 1989:Nov.  |m A14812048752 
952 f f |p serial  |a Texas A&M University  |b College Station  |c Sterling C. Evans Library  |d Evans: Library Stacks  |t 0  |e TX501 .B75  |h Library of Congress classification  |i unmediated -- volume  |k v.51/62:Index  |l 1984/1989  |m A14812114430 
952 f f |p serial  |a Texas A&M University  |b College Station  |c Sterling C. Evans Library  |d Evans: Library Stacks  |t 0  |e TX501 .B75  |h Library of Congress classification  |i unmediated -- volume  |k v.81:no.3-4  |l 1999:Mar.-Apr.  |m A14841752299 
952 f f |p serial  |a Texas A&M University  |b College Station  |c Sterling C. Evans Library  |d Evans: Library Stacks  |t 0  |e TX501 .B75  |h Library of Congress classification  |i unmediated -- volume  |k v.64:no.1-2  |l 1990  |m A14815292546 
952 f f |p serial  |a Texas A&M University  |b College Station  |c Sterling C. Evans Library  |d Evans: Library Stacks  |t 0  |e TX501 .B75  |h Library of Congress classification  |i unmediated -- volume  |k Suppl.:v.99:no.2-3  |l 2008: April-June  |m A14837293869 
952 f f |p serial  |a Texas A&M University  |b College Station  |c Sterling C. Evans Library  |d Evans: Library Stacks  |t 0  |e TX501 .B75  |h Library of Congress classification  |i unmediated -- volume  |k v.73:no.4-6  |l 1995  |m A14819749422 
952 f f |p serial  |a Texas A&M University  |b College Station  |c Sterling C. Evans Library  |d Evans: Library Stacks  |t 0  |e TX501 .B75  |h Library of Congress classification  |i unmediated -- volume  |k v.98:no.1-2  |l 2007:July-Aug.  |m A14836455670 
952 f f |p serial  |a Texas A&M University  |b College Station  |c Sterling C. Evans Library  |d Evans: Library Stacks  |t 0  |e TX501 .B75  |h Library of Congress classification  |i unmediated -- volume  |k v.21  |l 1967  |m A14838649364 
952 f f |p serial  |a Texas A&M University  |b College Station  |c Sterling C. Evans Library  |d Evans: Library Stacks  |t 0  |e TX501 .B75  |h Library of Congress classification  |i unmediated -- volume  |k v.11  |l 1957  |m A14838649314 
952 f f |p serial  |a Texas A&M University  |b College Station  |c Sterling C. Evans Library  |d Evans: Library Stacks  |t 0  |e TX501 .B75  |h Library of Congress classification  |i unmediated -- volume  |k v.15  |l 1961  |m A14813067335 
952 f f |p serial  |a Texas A&M University  |b College Station  |c Sterling C. Evans Library  |d Evans: Library Stacks  |t 0  |e TX501 .B75  |h Library of Congress classification  |i unmediated -- volume  |k v.63  |l 1990  |m A14812895654 
952 f f |p serial  |a Texas A&M University  |b College Station  |c Sterling C. Evans Library  |d Evans: Library Stacks  |t 0  |e TX501 .B75  |h Library of Congress classification  |i unmediated -- volume  |k v.81:no.1-2  |l 1999  |m A14824956157 
952 f f |p serial  |a Texas A&M University  |b College Station  |c Sterling C. Evans Library  |d Evans: Library Stacks  |t 0  |e TX501 .B75  |h Library of Congress classification  |i unmediated -- volume  |k v.95:no.5  |l 2006:May  |m A14834647459 
952 f f |p serial  |a Texas A&M University  |b College Station  |c Sterling C. Evans Library  |d Evans: Library Stacks  |t 0  |e TX501 .B75  |h Library of Congress classification  |i unmediated -- volume  |k v.37  |l 1977  |m A14816381453 
952 f f |p serial  |a Texas A&M University  |b College Station  |c Sterling C. Evans Library  |d Evans: Library Stacks  |t 0  |e TX501 .B75  |h Library of Congress classification  |i unmediated -- volume  |k v.16  |l 1962  |m A14820311842 
952 f f |p serial  |a Texas A&M University  |b College Station  |c Sterling C. Evans Library  |d Evans: Library Stacks  |t 0  |e TX501 .B75  |h Library of Congress classification  |i unmediated -- volume  |k v.86:no.1-2  |l 2001:July-Aug.  |m A14828189647 
952 f f |p serial  |a Texas A&M University  |b College Station  |c Sterling C. Evans Library  |d Evans: Library Stacks  |t 0  |e TX501 .B75  |h Library of Congress classification  |i unmediated -- volume  |k v.50  |l 1983  |m A14811210186 
952 f f |p serial  |a Texas A&M University  |b College Station  |c Sterling C. Evans Library  |d Evans: Library Stacks  |t 0  |e TX501 .B75  |h Library of Congress classification  |i unmediated -- volume  |k v.86:no.5-6  |l 2001:Nov.-Dec.  |m A14828578715 
952 f f |p serial  |a Texas A&M University  |b College Station  |c Sterling C. Evans Library  |d Evans: Library Stacks  |t 0  |e TX501 .B75  |h Library of Congress classification  |i unmediated -- volume  |k v.90:no.4  |l 2003:Oct.  |m A14830962441 
952 f f |p serial  |a Texas A&M University  |b College Station  |c Sterling C. Evans Library  |d Evans: Library Stacks  |t 0  |e TX501 .B75  |h Library of Congress classification  |i unmediated -- volume  |k v.83:no.5-6  |l 2000:Apr.-May  |m A14827274952 
952 f f |p serial  |a Texas A&M University  |b College Station  |c Sterling C. Evans Library  |d Evans: Library Stacks  |t 0  |e TX501 .B75  |h Library of Congress classification  |i unmediated -- volume  |k v.12  |l 1958  |m A14838649322 
952 f f |p serial  |a Texas A&M University  |b College Station  |c Sterling C. Evans Library  |d Evans: Library Stacks  |t 0  |e TX501 .B75  |h Library of Congress classification  |i unmediated -- volume  |k v.27  |l 1972  |m A14817692289 
952 f f |p serial  |a Texas A&M University  |b College Station  |c Sterling C. Evans Library  |d Evans: Library Stacks  |t 0  |e TX501 .B75  |h Library of Congress classification  |i unmediated -- volume  |k v.33  |l 1975  |m A14821178035 
952 f f |p serial  |a Texas A&M University  |b College Station  |c Sterling C. Evans Library  |d Evans: Library Stacks  |t 0  |e TX501 .B75  |h Library of Congress classification  |i unmediated -- volume  |k v.84:no.5-6  |l 2000:Nov.-Dec.  |m A14827902759 
952 f f |p serial  |a Texas A&M University  |b College Station  |c Sterling C. Evans Library  |d Evans: Library Stacks  |t 0  |e TX501 .B75  |h Library of Congress classification  |i unmediated -- volume  |k v.100:no.5  |l 2008:Nov.  |m A14834766813 
952 f f |p serial  |a Texas A&M University  |b College Station  |c Sterling C. Evans Library  |d Evans: Library Stacks  |t 0  |e TX501 .B75  |h Library of Congress classification  |i unmediated -- volume  |k v.23  |l 1969  |m A14838649380 
952 f f |p serial  |a Texas A&M University  |b College Station  |c Sterling C. Evans Library  |d Evans: Library Stacks  |t 0  |e TX501 .B75  |h Library of Congress classification  |i unmediated -- volume  |k v.94:no.5-6  |l 2005:Nov.-Dec.  |m A14833472429 
952 f f |p serial  |a Texas A&M University  |b College Station  |c Sterling C. Evans Library  |d Evans: Library Stacks  |t 0  |e TX501 .B75  |h Library of Congress classification  |i unmediated -- volume  |k Supplement:v.85:no.2  |l 2001  |m A14827903195 
952 f f |p serial  |a Texas A&M University  |b College Station  |c Sterling C. Evans Library  |d Evans: Library Stacks  |t 0  |e TX501 .B75  |h Library of Congress classification  |i unmediated -- volume  |k v.86:no.3-4  |l 2001:Sept.-Oct.  |m A14828578757 
952 f f |p serial  |a Texas A&M University  |b College Station  |c Sterling C. Evans Library  |d Evans: Library Stacks  |t 0  |e TX501 .B75  |h Library of Congress classification  |i unmediated -- volume  |k Supplement:v.96:no.1  |l 2006:Aug.  |m A14834662035 
952 f f |p serial  |a Texas A&M University  |b College Station  |c Sterling C. Evans Library  |d Evans: Library Stacks  |t 0  |e TX501 .B75  |h Library of Congress classification  |i unmediated -- volume  |k v.24:no.1-2  |l 1970  |m A14813858435 
952 f f |p serial  |a Texas A&M University  |b College Station  |c Sterling C. Evans Library  |d Evans: Library Stacks  |t 0  |e TX501 .B75  |h Library of Congress classification  |i unmediated -- volume  |k v.71:no.1-3  |l 1994  |m A14819497766 
952 f f |p serial  |a Texas A&M University  |b College Station  |c Sterling C. Evans Library  |d Evans: Library Stacks  |t 0  |e TX501 .B75  |h Library of Congress classification  |i unmediated -- volume  |k v.25:no.1-3  |l 1971:Jan.-May  |m A14838649403 
952 f f |p serial  |a Texas A&M University  |b College Station  |c Sterling C. Evans Library  |d Evans: Library Stacks  |t 0  |e TX501 .B75  |h Library of Congress classification  |i unmediated -- volume  |k v.94:no.3-4  |l 2005:Sept.-Oct.  |m A14833442212 
952 f f |p serial  |a Texas A&M University  |b College Station  |c Sterling C. Evans Library  |d Evans: Library Stacks  |t 0  |e TX501 .B75  |h Library of Congress classification  |i unmediated -- volume  |k v.69:no.3  |l 1993:May  |m A14817869674 
952 f f |p serial  |a Texas A&M University  |b College Station  |c Sterling C. Evans Library  |d Evans: Library Stacks  |t 0  |e TX501 .B75  |h Library of Congress classification  |i unmediated -- volume  |k v.85:no.6  |l 2001:June  |m A14827903276 
952 f f |p serial  |a Texas A&M University  |b College Station  |c Sterling C. Evans Library  |d Evans: Library Stacks  |t 0  |e TX501 .B75  |h Library of Congress classification  |i unmediated -- volume  |k v.72:no.1-3  |l 1994  |m A14819497863 
952 f f |p serial  |a Texas A&M University  |b College Station  |c Sterling C. Evans Library  |d Evans: Library Stacks  |t 0  |e TX501 .B75  |h Library of Congress classification  |i unmediated -- volume  |k v.63/72:Index  |l 1990/1994  |m A14821431035 
952 f f |p serial  |a Texas A&M University  |b College Station  |c Sterling C. Evans Library  |d Evans: Library Stacks  |t 0  |e TX501 .B75  |h Library of Congress classification  |i unmediated -- volume  |k Supplement:v.93:no.1  |l 2005:Apr.  |m A14832856662 
952 f f |p serial  |a Texas A&M University  |b College Station  |c Sterling C. Evans Library  |d Evans: Library Stacks  |t 0  |e TX501 .B75  |h Library of Congress classification  |i unmediated -- volume  |k Supplement:v.98:no.1  |l 2007:Oct.  |m A14837117657 
952 f f |p serial  |a Texas A&M University  |b College Station  |c Sterling C. Evans Library  |d Evans: Library Stacks  |t 0  |e TX501 .B75  |h Library of Congress classification  |i unmediated -- volume  |k v.95:no.3  |l 2006:Mar.  |m A14833472500 
952 f f |p serial  |a Texas A&M University  |b College Station  |c Sterling C. Evans Library  |d Evans: Library Stacks  |t 0  |e TX501 .B75  |h Library of Congress classification  |i unmediated -- volume  |k v.93:no.6  |l 2005:June  |m A14832889063 
952 f f |p serial  |a Texas A&M University  |b College Station  |c Sterling C. Evans Library  |d Evans: Library Stacks  |t 0  |e TX501 .B75  |h Library of Congress classification  |i unmediated -- volume  |k v.76:no.1-3  |l 1996  |m A14821431051 
952 f f |p serial  |a Texas A&M University  |b College Station  |c Sterling C. Evans Library  |d Evans: Library Stacks  |t 0  |e TX501 .B75  |h Library of Congress classification  |i unmediated -- volume  |k v.91:no.5-6  |l 2004:May-June  |m A14831472300 
952 f f |p serial  |a Texas A&M University  |b College Station  |c Sterling C. Evans Library  |d Evans: Library Stacks  |t 0  |e TX501 .B75  |h Library of Congress classification  |i unmediated -- volume  |k v.13  |l 1959  |m A14838649330 
952 f f |p serial  |a Texas A&M University  |b College Station  |c Sterling C. Evans Library  |d Evans: Library Stacks  |t 0  |e TX501 .B75  |h Library of Congress classification  |i unmediated -- volume  |k v.51  |l 1984  |m A14813858621 
952 f f |p serial  |a Texas A&M University  |b College Station  |c Sterling C. Evans Library  |d Evans: Library Stacks  |t 0  |e TX501 .B75  |h Library of Congress classification  |i unmediated -- volume  |k v.87:no.1-2  |l 2002:Jan.-Feb.  |m A14829633445 
952 f f |p serial  |a Texas A&M University  |b College Station  |c Sterling C. Evans Library  |d Evans: Library Stacks  |t 0  |e TX501 .B75  |h Library of Congress classification  |i unmediated -- volume  |k v.54  |l 1985  |m A14816925574 
952 f f |p serial  |a Texas A&M University  |b College Station  |c Sterling C. Evans Library  |d Evans: Library Stacks  |t 0  |e TX501 .B75  |h Library of Congress classification  |i unmediated -- volume  |k v.85:no.1-2  |l 2001:Jan.-Feb.  |m A14827902791 
952 f f |p serial  |a Texas A&M University  |b College Station  |c Sterling C. Evans Library  |d Evans: Library Stacks  |t 0  |e TX501 .B75  |h Library of Congress classification  |i unmediated -- volume  |k v.88:no.5-6  |l 2002:Nov.-Dec.  |m A14829910384 
952 f f |p serial  |a Texas A&M University  |b College Station  |c Sterling C. Evans Library  |d Evans: Library Stacks  |t 0  |e TX501 .B75  |h Library of Congress classification  |i unmediated -- volume  |k v.20  |l 1966  |m A14820311266 
998 f f |a TX501 .B75  |s v.98-100 (2007-2008)  |t 0  |l Evans: Library Stacks